<?xml version="1.0" encoding="UTF-8"?>
<record
    xmlns:xsi="http://www.w3.org/2001/XMLSchema-instance"
    xsi:schemaLocation="http://www.loc.gov/MARC21/slim http://www.loc.gov/standards/marcxml/schema/MARC21slim.xsd"
    xmlns="http://www.loc.gov/MARC21/slim">

  <leader>02024nam a2200169Ia 4500</leader>
  <controlfield tag="008">231021s9999    xx            000 0 und d</controlfield>
  <datafield tag="020" ind1=" " ind2=" ">
    <subfield code="a">97811070620301107062039</subfield>
  </datafield>
  <datafield tag="050" ind1=" " ind2=" ">
    <subfield code="a">BT103 </subfield>
    <subfield code="b">.G59 2017</subfield>
  </datafield>
  <datafield tag="245" ind1=" " ind2="0">
    <subfield code="a">God </subfield>
    <subfield code="b">/</subfield>
    <subfield code="c">edited by Andrew Radde-Gallwitz</subfield>
  </datafield>
  <datafield tag="260" ind1=" " ind2=" ">
    <subfield code="a">New York : </subfield>
    <subfield code="b">Cambridge University Press, </subfield>
    <subfield code="c">2017</subfield>
  </datafield>
  <datafield tag="300" ind1=" " ind2=" ">
    <subfield code="a">xxiii, 380 p.</subfield>
    <subfield code="b">;</subfield>
    <subfield code="c">24 cm.</subfield>
  </datafield>
  <datafield tag="490" ind1=" " ind2=" ">
    <subfield code="a">The Cambridge edition of early Christian writings ;</subfield>
    <subfield code="v">1</subfield>
  </datafield>
  <datafield tag="505" ind1=" " ind2=" ">
    <subfield code="a">Part I. The emergence of Christian theology (ca. 150-300). Ptolemy, Letter to Flora -- The Gospel of truth -- Irenaeus of Lyons, Against heresies 1.22.I-22.2, 2.28.I-2.28.9 and 4.20.1-4.20.8 -- Tertullian, Against Marcion I.2-I.5 and 1.22-I.27 -- Hippolytus, Against Noetus 1-11 and 14-17 -- Origen of Alexandria, On first principles, Preface and I.1-I.3 -- Part II. Creeds and controversies (300-400). Arius, Letters to Eusebius of Nicomedia and Alexander of Alexandria -- Creed of the Council of Nicaea (325) -- Eusebius of Caesarea, On ecclesiastical theology 2.1-2.7 -- Hilary of Poitiers, On the Trinity 8.19-8.26 and 8.41 -- Basil of Ancyra, The Synodal letter of the Council of Ancyra -- Athanasius of Alexandria, On the Synods at Ariminum and Seleucia -- Ephrem, Hymns on the faith 40, 73-75 -- Ephrem, Commentary on the Gospel I.2-I.8 -- Basil of Caesarea, Letters 159 and 236.6 -- Ambrose of Milan, On the faith 1 -- Creed of the Council of Constantinople (381) -- Gregory of Nyssa, On the Holy Spirit against the Macedonian spirit-fighters -- Gregory of Nazianzus, Poems 1.1.1-1.1.3 -- Eunomius of Cyzicus, the Confession of faith -- Part III. Doctrinal inheritance and philosophical exploration (400-ca. 570). Augustine of Hippo, Sermon 52 -- Cyril of Alexandria, Five tomes against Nestorius 4.1-4.2 -- Pseudo-Dionysius, On the mystical theology to Timothy -- Boethius, On the Holy Trinity -- John Philoponus, Fragments on the Trinity. </subfield>
  </datafield>
  <datafield tag="650" ind1=" " ind2=" ">
    <subfield code="a">God (Christianity)--Early works to 1800.Christian literature, Early.</subfield>
  </datafield>
  <datafield tag="700" ind1=" " ind2=" ">
    <subfield code="a">Gallwitz, Andrew Radde-</subfield>
  </datafield>
  <datafield tag="952" ind1=" " ind2=" ">
    <subfield code="0">0</subfield>
    <subfield code="1">0</subfield>
    <subfield code="4">0</subfield>
    <subfield code="7">0</subfield>
    <subfield code="a">GETS</subfield>
    <subfield code="b">GETS</subfield>
    <subfield code="c"> GEN</subfield>
    <subfield code="d">2023-11-16</subfield>
    <subfield code="g">24.50</subfield>
    <subfield code="l">0</subfield>
    <subfield code="o">BT103 .G59 2017 </subfield>
    <subfield code="p">00027506</subfield>
    <subfield code="r">2023-11-16 11:27:12</subfield>
    <subfield code="w">2023-11-16</subfield>
    <subfield code="y">BK</subfield>
  </datafield>
  <datafield tag="999" ind1=" " ind2=" ">
    <subfield code="c">50449</subfield>
    <subfield code="d">50449</subfield>
  </datafield>
</record>
